000
00293nam a22001217a 4500
020
_a
9788190907071
082
_a
070.43
100
_a
Sanjeev Soori
245
_a
Investigative journalism context and practice
260
_a
New Delhi
_b
Axis publications
_c
2010
300
_a
282p
942
_c
BK
999
_c
2775
_d
2775